|
|
|
|
| LEADER |
00000nam0a2200000 4500 |
| 001 |
376599 |
| 005 |
20231101052026.0 |
| 020 |
|
|
|a RU
|b 89-71618
|
| 035 |
|
|
|a (RuTPU)RU\TPU\retro\34039
|
| 035 |
|
|
|a RU\TPU\book\229544
|
| 090 |
|
|
|a 376599
|
| 100 |
|
|
|a 20221223d1989 m a0rusy5003 ca
|
| 101 |
0 |
|
|a rus
|
| 102 |
|
|
|a RU
|
| 105 |
|
|
|a y j 001zy
|
| 200 |
1 |
|
|a Основы экономики и организации ГАП
|e тексты лекций
|f Московский авиационный институт (МАИ) ; под ред. Э. С. Минаев
|
| 210 |
|
|
|a Москва
|c Изд-во МАИ
|d 1989
|
| 215 |
|
|
|a 55,[1] с.
|c ил.
|d 20 см
|
| 225 |
1 |
|
|a Учебное пособие
|
| 320 |
|
|
|a Библиогр.: с. 54 (16 назв.)
|
| 610 |
1 |
|
|a гибкие производственные системы
|
| 610 |
1 |
|
|a ГАП
|
| 610 |
1 |
|
|a организация
|
| 610 |
1 |
|
|a учебные пособия
|
| 610 |
1 |
|
|a лекции
|
| 610 |
1 |
|
|a экономика
|
| 675 |
|
|
|a 658.52.011.56(075.8)
|z rus
|
| 702 |
|
1 |
|a Минаев
|b Э. С.
|g Эдуард Сергеевич
|4 340
|
| 712 |
0 |
2 |
|a Московский авиационный институт (МАИ)
|2 stltpush
|3 (RuTPU)RU\TPU\col\3642
|
| 801 |
|
0 |
|a RU
|b RuMRKP
|c 19950417
|g psbo
|
| 801 |
|
1 |
|a RU
|b 63413507
|c 20120220
|
| 801 |
|
2 |
|a RU
|b 63413507
|c 20221223
|g RCR
|
| 942 |
|
|
|c BK
|